| 000 | 00492nam a22001817a 4500 | ||
|---|---|---|---|
| 999 |
_c6456 _d6456 |
||
| 003 | OSt | ||
| 005 | 20200122131548.0 | ||
| 008 | 200122b ||||| |||| 00| 0 eng d | ||
| 020 | _a0205376096 | ||
| 040 | _cDDC. | ||
| 082 | _a150 KOS 2004. | ||
| 100 |
_aKosslyn,M.Stephen;RosenBerg,S.Robin; _913278 |
||
| 245 | _aPsychology: The Brain The Person The World. | ||
| 300 | _axxxii,718p; | ||
| 504 | _aincludes references, Glossary and index. | ||
| 650 | _2Physchology. | ||
| 942 |
_2ddc _cO_SHELF |
||